Fray Toribio de Motolinia y otros estudios / (Record no. 92273)

MARC details
000 -LEADER
fixed length control field 00622cam a2200205 4500
008 - FIXED-LENGTH DATA ELEMENTS--GENERAL INFORMATION
fixed length control field 1957 spa
050 #4 - LIBRARY OF CONGRESS CALL NUMBER
Classification number F1231
Item number R35 1937
100 1# - MAIN ENTRY--PERSONAL NAME
Personal name Ramirez, Jose Fernando
245 #0 - TITLE STATEMENT
Title Fray Toribio de Motolinia y otros estudios /
Statement of responsibility, etc Jose Fernando Ramirez ; ed., prol. y notas de Antonio Castro Leal.
250 ## - EDITION STATEMENT
Edition statement 2
260 ## - PUBLICATION, DISTRIBUTION, ETC. (IMPRINT)
Place of publication, distribution, etc México :
Name of publisher, distributor, etc Porrua,
Date of publication, distribution, etc 1957
300 ## - PHYSICAL DESCRIPTION
Extent 313 p. ;
Dimensions 19 cm.
440 #0 - SERIES STATEMENT/ADDED ENTRY--TITLE
Title Escritores Mexicanos ; 4
500 ## - GENERAL NOTE
General note 1 ejem.
504 ## - BIBLIOGRAPHY, ETC. NOTE
Bibliography, etc Incluye indice
700 1# - ADDED ENTRY--PERSONAL NAME
Personal name Castro Leal, Antonio,
Relator term ed.
942 ## - ADDED ENTRY ELEMENTS (KOHA)
Source of classification or shelving scheme Biblioteca del Cogreso de los Estados Unidos
Koha item type Libro
Holdings
Estado de pérdida Fuente de clasificación Estado del daño No para préstamo Ubicación permanente Ubicación actual Apartado o colección Fecha de adquisición Edición Dependencia de educación superior (DES) Área del conocimiento Clasificación Código de Barras Date last seen Número de copia Tipo de recurso
  Biblioteca del Cogreso de los Estados Unidos     Biblioteca de la Facultad de Filosofía Biblioteca de la Facultad de Filosofía General 04/06/2015 2a. ed. Humanidades Educación y Humanidades F1231 R35 1957 BFF000012076 04/06/2015 C:1 Libro
  Biblioteca del Cogreso de los Estados Unidos     Biblioteca de la Preparatoria Ing. Pascual Ortiz Rubio Biblioteca de la Preparatoria Ing. Pascual Ortiz Rubio General 22/08/2016 2a. ed.   Educación y Humanidades F1231.M73 R3 1957 PPO000004924 22/08/2016 C:1 Libro